| 000 | 00609nam a2200181Ia 4500 | ||
|---|---|---|---|
| 999 |
_c2550 _d2550 |
||
| 020 | _a81-7487-204-3 | ||
| 082 | _a331.544 SUD-M | ||
| 100 | _aSudama Sing; | ||
| 245 | 0 | _aMigration in the third world: 1954-1994 views and reviews | |
| 260 |
_aNew Delhi _bRadha Publications _c2001 |
||
| 300 | _a122p. | ||
| 650 | _aLabor economics - Developing countries | ||
| 650 | _aMigrant labor - Developing Countries - 1954-1994 | ||
| 650 | _aUrbanization - Developing countries | ||
| 650 | _aImmigrants - United States | ||
| 650 | _aDeveloping countries - Emigration and immigration - Economic aspects | ||
| 942 | _cBK | ||